00394nam a2200109Ia 4500008004100000245003900041245003200080260000900112856007100121999001900192952007300211160523s9999 xx 000 0 und d aIntelligent Transportation Systems cEdited by Ahmed Abdel-Rahim c2012 uhttp://www.intechopen.com/books/intelligent-transportation-systems c294869d294869 001040aCLbCLd2016-05-23l0r2016-05-23 00:00:00w2016-05-23yCBE